| 000 | 00347nam a2200133 i 4500 | ||
|---|---|---|---|
| 001 | bg | ||
| 100 | 1 | _aWIĄCEK, Z. | |
| 245 | 0 |
_aBadania wpływu stanu powierzchni metali lekkich na jakość połączeń .. / _cZ.Wiącek. |
|
| 260 |
_aLublin, _c1987. |
||
| 040 | _cBPK | ||
| 041 | _apol | ||
| 942 | _cKS | ||
| 008 | s pl f |000 0 pol | ||
| 999 |
_c28736 _d28736 |
||
| 856 |
_uhttp://koha.tu.koszalin.pl/cgi-bin/koha/opac-detail.pl?biblionumber=28736 _yKatalog online BPK |
||